ბათუმის შოთა რუსთაველის სახელმწიფო უნივერსიტეტის ბიბლიოთეკა

Numerical Methods / (ბიბ.ჩანაწერი № 49221)

000 -LEADER
fixed length control field 00719nam a2200253Ia 4500
001 - CONTROL NUMBER
control field 16133
003 - CONTROL NUMBER IDENTIFIER
control field GE_BSU
005 - DATE AND TIME OF LATEST TRANSACTION
control field 20240327164726.0
008 - FIXED-LENGTH DATA ELEMENTS--GENERAL INFORMATION
fixed length control field 181216s2013||||enk|||||||||||||| ||eng||
020 ## - INTERNATIONAL STANDARD BOOK NUMBER
International Standard Book Number 9780495114765
040 ## - CATALOGING SOURCE
Transcribing agency GE_BSU
041 ## - LANGUAGE CODE
Language code of text/sound track or separate title eng
080 ## - UNIVERSAL DECIMAL CLASSIFICATION NUMBER
Universal Decimal Classification number 519.6 F-17
100 ## - MAIN ENTRY--PERSONAL NAME
Personal name Faires, J. Douglas
9 (RLIN) 21612
245 ## - TITLE STATEMENT
Title Numerical Methods /
Statement of responsibility, etc. Faires, J. Douglas. Burden, Richard
264 ## - PRODUCTION, PUBLICATION, DISTRIBUTION, MANUFACTURE, AND COPYRIGHT NOTICE
Date of production, publication, distribution, manufacture, or copyright notice 2013
300 ## - PHYSICAL DESCRIPTION
Extent 591p.
Other physical details 26cm.
653 ## - INDEX TERM--UNCONTROLLED
keyword Numerical Methods
653 ## - INDEX TERM--UNCONTROLLED
keyword ინფორმატიკა
653 ## - INDEX TERM--UNCONTROLLED
keyword საინფორმაციო ტექნოლოგიები
700 ## - ADDED ENTRY--PERSONAL NAME
Personal name Burden, Richard
Relator term ავტორი
9 (RLIN) 21613
942 ## - ADDED ENTRY ELEMENTS (KOHA)
Koha item type წიგნი
Source of classification or shelving scheme
ეგზემპლარები
Withdrawn status Lost status Source of classification or shelving scheme Damaged status Not for loan Permanent Location Current Location Shelving location Date acquired Cost, normal purchase price Full call number Barcode Date last seen Copy number Price effective from Koha item type Public note
          ბათუმის შოთა რუსთაველის სახელმწიფო უნივერსიტეტის მთავარი ბიბლიოთეკა ბათუმის შოთა რუსთაველის სახელმწიფო უნივერსიტეტის მთავარი ბიბლიოთეკა წიგნსაცავი 2018-12-17 451.00 519.6 F-17 40307 2018-12-17 40307 2018-12-17 წიგნი 451 ლ.